| 000 | 02363nam0a2200397 4500 | ||
|---|---|---|---|
| 001 | RU\NLR\BIBL_A\012875654 | ||
| 005 | 20231011114501.0 | ||
| 010 |
_a978-5-6046983-8-9 _956 |
||
| 021 |
_aRU _bКН-П-22-043468 _9КН-П-22-3751 |
||
| 035 | _a(NLR Aleph) 012875654 | ||
| 090 |
_a12503319 _c12503319 |
||
| 100 | _a20220826d2022 u y0rusy50 ca | ||
| 101 | 0 |
_arus _aeng |
|
| 102 | _aRU | ||
| 105 | _aa z 000zy | ||
| 181 | 0 |
_ai _baxxe |
|
| 182 | 0 | _an | |
| 200 | 1 |
_aДорога на океан _dRoad to the Ocean _eисторический обзор "Геология и металлогения Севера и Северо-Востока Азии, Мирового океана" _fС. И. Андреев _zeng |
|
| 203 |
_aТекст _bвизуальный _cнепосредственный |
||
| 210 |
_aСанкт-Петербург _cПереплётный Центр _d2022 |
||
| 215 |
_a403, [1] с. _c[9] л. цв. ил. _d25 |
||
| 300 | _aАвт. также на англ. яз.: S. I. Andreev | ||
| 320 | _aОснов. науч. тр. сотрудников Отд. геологии и минер. ресурсов Мирового океана: с. 399-402 | ||
| 510 | 1 |
_6z20790 _aRoad to the Ocean _zeng |
|
| 601 | 0 | 2 |
_aВсероссийский НИИ геологии и минеральных ресурсов Мирового океана им. И.С. Грамберга _cСанкт-Петербург, город _xИстория _2nlr_sh2 _3RU\NLR\AUTH\661526150 |
| 606 | 1 |
_aПолезные ископаемые моря _xНаучно-исследовательская работа _yРоссийская Федерация _2nlr_sh2 _3RU\NLR\AUTH\661493480 |
|
| 606 | 1 |
_aГеологические исследования _xИстория _yРоссийская Федерация _yСеверо-Восток _2nlr_sh1 _2nlr_sh2 _3RU\NLR\AUTH\661369630 |
|
| 675 |
_a55(093.3) _v4 |
||
| 686 | 1 | _aД54е(2)л2 | |
| 686 | 1 | _aД59(2Р55,1)г | |
| 700 | 1 |
_aАндреев _bС. И. _cд-р геол.-минерал. наук _f1934-2023 _gСергей Иванович _3RU\NLR\AUTH\7713439 _4070 |
|
| 790 | 1 |
_6z20510 _aAndreev _bS. I. _cд-р геол.-минерал. наук _f1934-2023 _gSergej Ivanovič _3RU\NLR\AUTH\7798883 |
|
| 942 | _cBOOK | ||
| 980 | _aNB | ||